नागार्जुन : चयनित निबंध / (Record no. 51260)

MARC details
000 -LEADER
fixed length control field 01365nam a22003137a 4500
005 - DATE AND TIME OF LATEST TRANSACTION
control field 20080929101452.0
008 - FIXED-LENGTH DATA ELEMENTS--GENERAL INFORMATION
fixed length control field 080929t xxu||||| |||| 00| 0chin d
010 ## - LCCN (DPL NO)
LC control number HIN-92172
020 ## - INTERNATIONAL STANDARD BOOK NUMBER
International Standard Book Number 9788123759890
Terms of availability 95.00
035 ## - SYSTEM CONTROL NUMBER
System control number HN-64518
037 ## - SOURCE OF ACQUISITION
Source of stock number/acquisition DBAD / PUB
040 ## - CATALOGING SOURCE
Original cataloging agency DPL
Language of cataloging HN
082 ## - DEWEY DECIMAL CLASSIFICATION NUMBER
Classification number 824
100 ## - MAIN ENTRY--PERSONAL NAME
9 (RLIN) 26640
245 ## - TITLE STATEMENT
Title नागार्जुन : चयनित निबंध /
Statement of responsibility, etc शोभाकान्त द्रारा संपादित
246 ## - VARYING FORM OF TITLE
Title proper/short title Nagarjun:Chaynit Nibandh
Remainder of title Edt by Shobhakant
260 ## - PUBLICATION, DISTRIBUTION, ETC. (IMPRINT)
Place of publication, distribution, etc नई दिल्ली
Name of publisher, distributor, etc नेशनल बुक ट्रस्ट
Date of publication, distribution, etc 2010
270 ## - ADDRESS
Address नेहरू भवन, 5 इंस्टीट्यूशनल एरिया, फेज-2 वसंत कुंज,
City नई दिल्ली
Postal code 110070
300 ## - PHYSICAL DESCRIPTION
Extent 195पृ.
Dimensions 22सेमी (अजिल्द)
490 ## - SERIES STATEMENT
Series statement भारतीय साहित्य
-- 26907
650 ## - SUBJECT ADDED ENTRY--TOPICAL TERM
9 (RLIN) 697
Topical term or geographic name as entry element हिन्दी निबंध
650 ## - SUBJECT ADDED ENTRY--TOPICAL TERM
9 (RLIN) 26793
Topical term or geographic name as entry element Hindi Essay
650 ## - SUBJECT ADDED ENTRY--TOPICAL TERM
9 (RLIN) 26674
650 ## - SUBJECT ADDED ENTRY--TOPICAL TERM
9 (RLIN) 698
700 ## - ADDED ENTRY--PERSONAL NAME
9 (RLIN) 26643
Personal name शोभाकान्त
710 ## - ADDED ENTRY--CORPORATE NAME
9 (RLIN) 26662
942 ## - ADDED ENTRY ELEMENTS (KOHA)
Source of classification or shelving scheme Dewey Decimal Classification
Item type Hindi Books
Classification part 824
Call number suffix नागार्जु
Holdings
Withdrawn status Lost status Source of classification or shelving scheme Damaged status Not for loan Collection code Home library Current library Date acquired Source of acquisition Cost, normal purchase price Total Checkouts Full call number Barcode Date last seen Copy number Cost, replacement price Koha item type
    Dewey Decimal Classification   Not For Loan Non-fiction D.B.Act.Division D.B.Act.Division 28/03/2011 DBAD / PUB 95.00   824 नागार्जु HN-64518 28/03/2011 1 95.00 Hindi Books

© Delhi Public Library
Hit Counter
free hit counter